000 00586nam a2200193Ia 4500
008 191130s1979##################000#0#eng##
020 _a9780521293976
040 _aACL
_cACL
082 _a276 HAS
100 _aHastings, Adrian
245 _aA history of African Christianity, 1950-1975
_cAdrian Hastings
260 _aCambridge
_bCambridge Univeristy Press
_cc1979
300 _axi, 336 p. ; 24 cm
500 _aIncludes index. Bibliography: p. 303-321
650 _aChristianity - Africa
990 _ac6b7db47ac10000c731f010e9d79cd4c
991 _a115467
999 _c341745
_d341745